Acoustic tests to add cost and risk (Record no. 67870)

MARC details
000 -LEADER
fixed length control field 01134cam a2200217 4500
001 - CONTROL NUMBER
control field WB3730-01
008 - FIXED-LENGTH DATA ELEMENTS--GENERAL INFORMATION
fixed length control field 010802n2001 000 0 eng u
035 ## - SYSTEM CONTROL NUMBER
System control number (Sirsi) u113906
245 ## - TITLE STATEMENT
Title Acoustic tests to add cost and risk
260 ## - PUBLICATION, DISTRIBUTION, ETC.
Date of publication, distribution, etc. 2001
490 ## - SERIES STATEMENT
Series statement Building Homes
Volume/sequential designation (107) July & August 2001, 8(1)
520 ## - SUMMARY, ETC.
Summary, etc. Proposed revisions to Part E of the Building Regulations will require pre-completion testing to national standards which is likely to result in costly failures, warned Arup Associates at a recent conference. As well as the cost of designing and building homes to meet the standard, housebuilders will have to pay additional costs, such as pre-completion testing and, if any apartment fails the test, then the builder will have to pay to bring it and any others in the block up to standard. However improved sound insulation will be a positive selling point.
590 ## - LOCAL NOTE (RLIN)
Local note WB
650 ## - SUBJECT ADDED ENTRY--TOPICAL TERM
Topical term or geographic name entry element SOUND INSULATION
650 ## - SUBJECT ADDED ENTRY--TOPICAL TERM
Topical term or geographic name entry element ACOUSTIC TESTS
650 ## - SUBJECT ADDED ENTRY--TOPICAL TERM
Topical term or geographic name entry element HOUSE BUILDERS
650 ## - SUBJECT ADDED ENTRY--TOPICAL TERM
Topical term or geographic name entry element HOUSE BUILDING
650 ## - SUBJECT ADDED ENTRY--TOPICAL TERM
Topical term or geographic name entry element BUILDING REGULATIONS PART E
690 ## - LOCAL SUBJECT ADDED ENTRY--TOPICAL TERM (OCLC, RLIN)
Topical term or geographic name as entry element BUILT ENVIRONMENT-CONSTRUCTION DESIGN
942 ## - ADDED ENTRY ELEMENTS (KOHA)
Suppress in OPAC 0
Holdings
Withdrawn status Lost status Source of classification or shelving scheme Damaged status Not for loan Home library Current library Shelving location Date acquired Total Checkouts Full call number Barcode Date last seen Copy number Price effective from Koha item type
    Dewey Decimal Classification     London London News article 02/08/2001   WB3730-01 113906-1001 06/08/2019 1 06/08/2019 News article